A practical guide to computer communications and networking / (Record no. 175321)
[ view plain ]
| 000 -LEADER | |
|---|---|
| fixed length control field | 00956 a2200253 4500 |
| 003 - CONTROL NUMBER IDENTIFIER | |
| control field | Nust |
| 005 - DATE AND TIME OF LATEST TRANSACTION | |
| control field | 20230124094338.0 |
| 010 ## - LIBRARY OF CONGRESS CONTROL NUMBER | |
| LC control number | 84004617 |
| 020 ## - INTERNATIONAL STANDARD BOOK NUMBER | |
| International Standard Book Number | 0470200782 |
| 020 ## - INTERNATIONAL STANDARD BOOK NUMBER | |
| International Standard Book Number | 0470200782 (pbk. : U.S.) |
| 040 ## - CATALOGING SOURCE | |
| Transcribing agency | Nust |
| 082 00 - DEWEY DECIMAL CLASSIFICATION NUMBER | |
| Classification number | 384,DEA |
| 100 1# - MAIN ENTRY--PERSONAL NAME | |
| Personal name | Deasington, R. J. |
| 9 (RLIN) | 107502 |
| 245 12 - TITLE STATEMENT | |
| Title | A practical guide to computer communications and networking / |
| Statement of responsibility, etc. | R.J. Deasington. |
| 250 ## - EDITION STATEMENT | |
| Edition statement | 2nd ed. |
| 260 ## - PUBLICATION, DISTRIBUTION, ETC. | |
| Place of publication, distribution, etc. | Chichester, West Sussex, England : |
| Name of publisher, distributor, etc. | E. Horwood ; |
| Place of publication, distribution, etc. | New York : |
| Name of publisher, distributor, etc. | Halsted Press, |
| Date of publication, distribution, etc. | 1984. |
| 300 ## - PHYSICAL DESCRIPTION | |
| Extent | 126 p. : |
| Other physical details | ill. ; |
| Dimensions | 25 cm. |
| 440 #0 - SERIES STATEMENT/ADDED ENTRY--TITLE | |
| Title | Computers and their applications ; |
| Volume/sequential designation | 22 |
| 9 (RLIN) | 107503 |
| 505 ## - FORMATTED CONTENTS NOTE | |
| Formatted contents note | Basic Concepts (Page-11), Transmission of Data (Page-21), Physical Network Techniques (Page-43), Implementation (Page-68), Protocols (Page-87). |
| 650 #0 - SUBJECT ADDED ENTRY--TOPICAL TERM | |
| Topical term or geographic name entry element | Computer networks. |
| 9 (RLIN) | 3677 |
| 650 #0 - SUBJECT ADDED ENTRY--TOPICAL TERM | |
| Topical term or geographic name entry element | Data transmission systems. |
| 9 (RLIN) | 17977 |
| 650 #0 - SUBJECT ADDED ENTRY--TOPICAL TERM | |
| Topical term or geographic name entry element | Packet switching (Data transmission) |
| 9 (RLIN) | 94486 |
| 942 ## - ADDED ENTRY ELEMENTS (KOHA) | |
| Source of classification or shelving scheme | |
| Koha item type | Book |
| Call number prefix | 384,DEA |
| Withdrawn status | Lost status | Source of classification or shelving scheme | Damaged status | Not for loan | Permanent Location | Current Location | Shelving location | Date acquired | Full call number | Barcode | Date last seen | Price effective from | Koha item type | Public note |
|---|---|---|---|---|---|---|---|---|---|---|---|---|---|---|
| Military College of Signals (MCS) | Military College of Signals (MCS) | General Stacks | 12/12/2016 | 384,DEA | MCS27415 | 12/08/2016 | 12/12/2016 | Book | Almirah No.54, Shelf No.4 |
